000 00519nam a2200193Ia 4500
005 20250326143132.0
008 250326s9999 xx 000 0 und d
020 _a92-2-111903-3
037 _aTextbook
040 _aFMSL
_beng
_cFMSL
041 _aeng
_2eng
084 _aX:991 P0
_qFMSL
100 _aOberai A.s.
245 0 _aPerspectives on unorganised labour
_cOberai A.s.
260 _aNew Delhi
_bNew Delhi, ILO
_c2000
300 _a229p
942 _cTB
_hX:991 P0
999 _c1298256
_d1298256